<?xml version="1.0" encoding="UTF-8"?>
<record
    xmlns:xsi="http://www.w3.org/2001/XMLSchema-instance"
    xsi:schemaLocation="http://www.loc.gov/MARC21/slim http://www.loc.gov/standards/marcxml/schema/MARC21slim.xsd"
    xmlns="http://www.loc.gov/MARC21/slim">

  <leader>01249nam2a22002651  4500</leader>
  <controlfield tag="001">rc\865324</controlfield>
  <controlfield tag="005">20250612172137.0</controlfield>
  <datafield tag="035" ind1=" " ind2=" ">
    <subfield code="a">(NLR Aleph) 008749918</subfield>
  </datafield>
  <datafield tag="090" ind1=" " ind2=" ">
    <subfield code="a">9564374</subfield>
    <subfield code="c">9564374</subfield>
  </datafield>
  <datafield tag="100" ind1=" " ind2=" ">
    <subfield code="a">20041129d1984    |||y0rusy50      ca</subfield>
  </datafield>
  <datafield tag="101" ind1="0" ind2=" ">
    <subfield code="a">rus</subfield>
  </datafield>
  <datafield tag="102" ind1=" " ind2=" ">
    <subfield code="a">RU</subfield>
  </datafield>
  <datafield tag="105" ind1=" " ind2=" ">
    <subfield code="a">y   |||||||||</subfield>
  </datafield>
  <datafield tag="200" ind1="1" ind2=" ">
    <subfield code="a">&#x411;&#x43E;&#x43B;&#x44C;&#x448;&#x430;&#x44F; &#x440;&#x43E;&#x434;&#x43D;&#x44F;</subfield>
    <subfield code="h">&#x447;. 2, 3 &#x438; 4</subfield>
    <subfield code="e">&#x420;&#x43E;&#x43C;&#x430;&#x43D;-&#x445;&#x440;&#x43E;&#x43D;&#x438;&#x43A;&#x430;</subfield>
    <subfield code="f">&#x410;&#x432;&#x442;&#x43E;&#x440;&#x438;&#x437;. &#x43F;&#x435;&#x440;. &#x412;. &#x420;&#x43E;&#x441;&#x441;&#x435;&#x43B;&#x44C;&#x441;&#x430;</subfield>
  </datafield>
  <datafield tag="210" ind1=" " ind2=" ">
    <subfield code="d">1984</subfield>
    <subfield code="a">&#x411;. &#x43C;.</subfield>
  </datafield>
  <datafield tag="215" ind1=" " ind2=" ">
    <subfield code="a">688 &#x441;.</subfield>
    <subfield code="d">21</subfield>
  </datafield>
  <datafield tag="300" ind1=" " ind2=" ">
    <subfield code="a">&#x412; &#x432;&#x44B;&#x43F;. &#x434;&#x430;&#x43D;. &#x430;&#x432;&#x442;.: &#x421;&#x442;&#x435;&#x43B;&#x44C;&#x43C;&#x430;&#x445; &#x41C;&#x438;&#x445;&#x430;&#x438;&#x43B; &#x410;&#x444;&#x430;&#x43D;&#x430;&#x441;&#x44C;&#x435;&#x432;&#x438;&#x447;</subfield>
  </datafield>
  <datafield tag="300" ind1=" " ind2=" ">
    <subfield code="a">&#x418;&#x437;&#x434;. &#x432;&#x44B;&#x445;&#x43E;&#x434;&#x438;&#x442; &#x441; 1983 &#x433;.</subfield>
  </datafield>
  <datafield tag="461" ind1=" " ind2="0">
    <subfield code="1">001rc\865321</subfield>
    <subfield code="1">2001#$a&#x421;&#x43E;&#x431;&#x440;&#x430;&#x43D;&#x438;&#x435; &#x441;&#x43E;&#x447;&#x438;&#x43D;&#x435;&#x43D;&#x438;&#x439;$e&#x412; 5 &#x442;.$e&#x41F;&#x435;&#x440;. &#x441; &#x443;&#x43A;&#x440;.$f&#x41C;&#x438;&#x445;&#x430;&#x439;&#x43B;&#x43E; &#x421;&#x442;&#x435;&#x43B;&#x44C;&#x43C;&#x430;&#x445;$g[&#x412;&#x441;&#x442;&#x443;&#x43F;. &#x441;&#x442;. &#x415;. &#x413;&#x443;&#x446;&#x430;&#x43B;&#x43E;, &#x441;. 5-22]$v&#x422;. 3</subfield>
    <subfield code="1">700#1$a&#x421;&#x442;&#x435;&#x43B;&#x44C;&#x43C;&#x430;&#x445;$b&#x41C;.&#x410;.$g&#x41C;&#x438;&#x445;&#x430;&#x438;&#x43B; &#x410;&#x444;&#x430;&#x43D;&#x430;&#x441;&#x44C;&#x435;&#x432;&#x438;&#x447;$f1912-1983</subfield>
    <subfield code="9">6774347</subfield>
    <subfield code="a">&#x421;&#x442;&#x435;&#x43B;&#x44C;&#x43C;&#x430;&#x445;, &#x41C;.&#x410;. (1912-1983)</subfield>
    <subfield code="c">&#x41C;.</subfield>
    <subfield code="d">1983-</subfield>
    <subfield code="f">&#x41C;&#x438;&#x445;&#x430;&#x439;&#x43B;&#x43E; &#x421;&#x442;&#x435;&#x43B;&#x44C;&#x43C;&#x430;&#x445;</subfield>
    <subfield code="n">&#x425;&#x443;&#x434;&#x43E;&#x436;. &#x43B;&#x438;&#x442;.</subfield>
    <subfield code="o">&#x412; 5 &#x442;. : &#x41F;&#x435;&#x440;. &#x441; &#x443;&#x43A;&#x440;.</subfield>
    <subfield code="t">&#x421;&#x43E;&#x431;&#x440;&#x430;&#x43D;&#x438;&#x435; &#x441;&#x43E;&#x447;&#x438;&#x43D;&#x435;&#x43D;&#x438;&#x439;</subfield>
    <subfield code="v">&#x422;. 3</subfield>
  </datafield>
  <datafield tag="801" ind1=" " ind2="0">
    <subfield code="a">RU</subfield>
    <subfield code="b">NLR</subfield>
    <subfield code="g">psbo</subfield>
  </datafield>
  <datafield tag="801" ind1=" " ind2="1">
    <subfield code="a">RU</subfield>
    <subfield code="b">ELAR</subfield>
    <subfield code="2">rusmarc</subfield>
  </datafield>
  <datafield tag="801" ind1=" " ind2="2">
    <subfield code="a">RU</subfield>
    <subfield code="b">NLR</subfield>
    <subfield code="c">20050210</subfield>
    <subfield code="2">rusmarc</subfield>
  </datafield>
  <datafield tag="852" ind1=" " ind2=" ">
    <subfield code="a">NLR</subfield>
    <subfield code="j">84-3/1760</subfield>
  </datafield>
  <datafield tag="942" ind1=" " ind2=" ">
    <subfield code="c">BOOK</subfield>
  </datafield>
  <datafield tag="980" ind1=" " ind2=" ">
    <subfield code="a">NB</subfield>
  </datafield>
  <datafield tag="995" ind1=" " ind2=" ">
    <subfield code="5">2013-10-26</subfield>
    <subfield code="b">NLR01</subfield>
    <subfield code="c">NLR01</subfield>
    <subfield code="e">RF9</subfield>
    <subfield code="f">8749918-10</subfield>
    <subfield code="k">84-3/1760</subfield>
    <subfield code="o">0</subfield>
    <subfield code="r">BOOK</subfield>
    <subfield code="s">8431760_</subfield>
  </datafield>
</record>
